| 000 | 00339nam a22001097a 4500 | ||
|---|---|---|---|
| 999 |
_c1699 _d1699 |
||
| 005 | 20200903104627.0 | ||
| 008 | 200903b ||||| |||| 00| 0 eng d | ||
| 040 | _cCML | ||
| 245 |
_aGeneral Metalwork Jobs. _cSandham, R & Willmore, R. |
||
| 260 |
_aLondon _bEdward Arnold (Publishers) Ltd _c1965 |
||
| 942 |
_2ddc _cBK _h671 _mSAN |
||